000 00421nam a2200133Ia 4500
008 200909s9999 xx 000 0 und d
020 _a978-971-23-9605-2
100 _aLansangan-Cruz, Zenaida
245 _cZenaida Lansangan-Cruz
_aMacro perspective of tourism and hospitality/
260 _aQuezon City:
_bREX Bookstore
_c2018
300 _aviii, 213 pages
_c25 cm.
650 _aHospitality industry
650 _aTourism
999 _c364152
_d364152